| 000 | 00366nam a2200145 i 4500 | ||
|---|---|---|---|
| 001 | bg | ||
| 100 | 1 | _aMAJCHRZAK, K. | |
| 245 | 0 |
_aAnaliza radioimmunologiczna i metody pokrewne / _cK. Majchrzak, R. Rudkowski. |
|
| 260 |
_aWarszawa, _c1978. |
||
| 700 | 1 | _aRUDKOWSKI, R. | |
| 040 | _cBPK | ||
| 041 | _apol | ||
| 942 | _cKS | ||
| 008 | s pl f |000 0 pol | ||
| 999 |
_c9646 _d9646 |
||
| 856 |
_uhttp://koha.tu.koszalin.pl/cgi-bin/koha/opac-detail.pl?biblionumber=9646 _yKatalog online BPK |
||